| 000 | 00634 a2200169 4500 | ||
|---|---|---|---|
| 999 |
_c9564 _d9564 |
||
| 022 | _Ino issn | ||
| 050 | _aKTL 18.A35 DUN 1951 | ||
| 100 |
_aDuncan, Graeme _eeditor |
||
| 245 |
_aIndex and digest of the South African Law Reports (1946-1949) : _bbeing the fourth consolidated edition of Bisset and Smith's digestof S.A. case law _cGraeme Duncan, M. Barnett and J.L. Buchanan |
||
| 264 |
_aSouth Africa : _bJuta, _c1951 |
||
| 300 | _alxxi,399p.: | ||
| 500 | _aIncludes bibliographical references | ||
| 650 | _aLaw reports | ||
| 700 |
_aBarnett, M _eeditor |
||
| 700 |
_aBuchanan, J.L. _eeditor |
||
| 942 |
_2lcc _cSERIALS _h18.A35 _iDUN _kKTL |
||